Statistics for Ark Surival Evolved General Quiz 3

Click here to take the quiz!

General Stats

  • This quiz has been taken 149 times
  • The average score is 9 of 12

Answer Stats

QuestionAnswer% Correct
Which of the following can be used to trap small creatures and humans, and is unlocked early on?Bola
99%
Which is NOT an attachment?Grip
91%
Which is not a type of gun in Ark?SMG
83%
Which armor set is optimal for raiding, as it is strong, cheap, and blueprints are fairly easily obtained.Flak
82%
Which of the following creatures is considered a "soaker"?Stego
81%
Can a Argentavis carry a ParasaurYes
80%
Which explosive does the most damage out of these? (To metal structures)C4
74%
Which flyer CANNOT pick up creatures?Snow Owl
73%
How long does the above hold a creature?30 seconds
62%
True or False? The Rex has a headshot multiplier.False
62%
What level are heavy turrets unlocked?100
54%
Which creature can transmit diseases?Dodo
26%

Score Distribution

Percentile by Number Answered

Percent of People with Each Score

Your Score History

You have not taken this quiz